| 000 | 00458nam a2200157 a 4500 | ||
|---|---|---|---|
| 001 | 2053 | ||
| 003 | CDMR | ||
| 005 | 20130320100624.0 | ||
| 008 | 130130s1991||||||||||||||||||||||||||||d | ||
| 040 |
_aCDMR _bcat _cCPC LLEIDA |
||
| 100 | 1 |
_aLópez López, Matías _91528 |
|
| 245 | 1 | 3 |
_aLa historiografía en Grecia y Roma _b: conceptos y autores _cMatías López López |
| 260 |
_aLleida _c1991 _bUniversitat de Lleida |
||
| 490 | 0 |
_aEspai/Temps _v9 |
|
| 942 |
_cMON _2udc |
||
| 999 |
_c2053 _d2053 |
||